Statistiques concernant Chansons de Julien Clerc

Cliquez ici pour prendre le quiz!

Statistiques générales

  • Ce quiz a été pris 7 fois
  • Le résultat moyen est 23 sur 312

Statistiques - réponses

HintRéponse% Correct
À nos amours7Aimé (Pour Aimé Césaire)
100%
Fais-moi une place7Fais-moi une place
100%
Duos2Fais-moi une place
100%
Femmes, Indiscrétion, Blasphème1Femmes, je vous aime
100%
Duos4Femmes je vous aime
100%
Utile7Utile
86%
Duos9Utile
86%
Jaloux6Ma préférence
71%
Duos1Ma préférence
71%
Duos5Mélissa
71%
Aime-moi2Mélissa
71%
À nos amours5À nos amours
57%
Ca fait pleurer le bon dieu9Ca fait pleurer le bon dieu
57%
Double Enfance3Double Enfance
57%
Duos7Double enfance
57%
Fou, peut-être6Fou, peut-être
57%
Des jours entiers à t'aimer5La Californie
57%
Niagara7Niagara
57%
Partout la musique vient11Partout la musique vient
57%
Si j'étais elle1Si j'étais elle
57%
Terre de France1Terre de France
57%
Terrien9Terrien
57%
Aime-moi7Aime-moi
43%
À mon âge et à l'heure qu'il est4À mon âge et à l'heure qu'il est
43%
Niagara1Ce n'est rien
43%
Duos3Ce n'est rien
43%
Des jours entiers à t'aimer1Des jours entiers à t'aimer
43%
Julien Clerc10Julien
43%
Où s'en vont les avions ?3Où s'en vont les avions ?
43%
Duos6Laissons entrer le soleil
29%
Liberté, Égalité, Fraternité... ou la Mort11Le Patineur
29%
Les Aventures à l'eau12Les Aventures à l'eau
29%
Femmes, Indiscrétion, Blasphème7Lili voulait aller danser
29%
No 71Souffrir par toi n'est pas souffrir
29%
Duos11Souffrir par toi n'est pas souffrir
29%
Julien9Assez... Assez
14%
À nos amours3À vous jusqu'à la fin du monde
14%
Femmes, Indiscrétion, Blasphème10Blasphème
14%
Terrien4Comment tu vas ?
14%
No 79Elle voulait qu'on l'appelle Venise
14%
Les Aventures à l'eau7Hélène
14%
Femmes, Indiscrétion, Blasphème6Indiscrétion
14%
Julien Clerc11La Cavalerie
14%
Aime-moi1La Fille aux bas nylon
14%
Où s'en vont les avions ?1La jupe en laine
14%
À nos amours11Le Grand Amour
14%
À nos amours6Les Petits Souliers
14%
Terrien1Mon refuge
14%
Utile2Noé
14%
Ca fait pleurer le bon dieu7Poissons morts
14%
Clerc Julien10Quand je joue
14%
Jaloux5Travailler c'est trop dur (Traditionnel)
14%
Les Jours heureux14Vienne
14%
Les Jours heureux4À bicyclette
0%
Niagara2Adelita
0%
À mon âge et à l'heure qu'il est8À le fin je pleure
0%
Utile9Amazone
0%
À mon âge et à l'heure qu'il est7Amis
0%
Aime-moi3Amour consolation
0%
Aime-moi4Angela
0%
Les Aventures à l'eau11Appel urgent
0%
Où s'en vont les avions ?5Apprendre à lire
0%
Femmes, Indiscrétion, Blasphème4À son cou à ses genoux
0%
Julien4Au bout du monde
0%
À mon âge et à l'heure qu'il est5Aujourd'hui rien n'est normal
0%
Si j'étais elle2Aussi vivant
0%
Terrien12Automne
0%
Studio6Avant qu'on aille au fond des choses
0%
Fais-moi une place3Avisos
0%
Les Aventures à l'eau5Avoir quinze ans
0%
Utile3Ballade en blanc
0%
Duos8Ballade pour un fou (loco, loco)
0%
Aime-moi8Bambou bar
0%
Les Aventures à l'eau6Barbare
0%
Terre de France10Bateau pressé, capitaine pas bon
0%
Ca fait pleurer le bon dieu5Bec de Lièvre
0%
Sans entracte4Belinda
0%
Clerc Julien1Bibliothèque Mazarine
0%
No 77Bien longtemps après
0%
À mon âge et à l'heure qu'il est1Black out (Faire l'amour ici)
0%
Les Aventures à l'eau4Blonde et en colère
0%
Julien7Blues indigo
0%
Les Jours heureux1Boum !
0%
Des jours entiers à t'aimer2Bourg-la-Reine
0%
Terrien10Brexit
0%
Femmes, Indiscrétion, Blasphème2Cabane micro
0%
Julien2Carabat
0%
Des jours entiers à t'aimer8Carthage
0%
Ca fait pleurer le bon dieu10Cécile
0%
Ca fait pleurer le bon dieu8Ce n'est pas
0%
Liberté, Égalité, Fraternité... ou la Mort5C'est la Terre
0%
Julien1C'est mon espoir
0%
Terre de France3C'est une andalouse
0%
Clerc Julien2Cette personne
0%
Niagara10Chanson pour Mémère
0%
Terrien5Chaque
0%
Utile4Charpie de Chapka (chanson pour mon grand-père)
0%
Niagara11Cœur-de-Dieu
0%
Les Jours heureux13Comme à Ostende
0%
Clerc Julien8Confidence
0%
Utile6Coquetier bleu
0%
Partout la musique vient8Danser
0%
Terre de France7Danse s'y
0%
Duos10Danse s'y
0%
Jaloux8Dans mon cirage
0%
Studio7De quoi a-t-elle l'air ce soir ?
0%
Où s'en vont les avions ?11Déranger les pierres
0%
Des jours entiers à t'aimer10Des larmes sucrées
0%
Liberté, Égalité, Fraternité... ou la Mort6Des mots d'ailleurs
0%
Si j'étais elle11Désobéissante
0%
Les Jours heureux10Dis, quand reviendras-tu ?
0%
Utile8
Free demo
0%
Utile5
Seule au monde
0%
Double Enfance9Docteur
0%
Double Enfance10Donne-moi de tes nouvelles
0%
Où s'en vont les avions ?12Dormez
0%
No 74Dors bien
0%
Fais-moi une place2Échafaudages
0%
Liberté, Égalité, Fraternité... ou la Mort4Elle a au fond des yeux
0%
Julien3Elle danse ailleurs
0%
Sans entracte6Elle faisait la la la
0%
À nos amours10Elle ment comme elle respire
0%
Niagara8Et surtout
0%
Des jours entiers à t'aimer4Faillite
0%
Fais-moi une place5Fille de feu
0%
Où s'en vont les avions ?9Forcément
0%
Les Jours heureux2For me formidable
0%
Fais-moi une place6Foutu
0%
Où s'en vont les avions ?7Frère, elle n'en avait pas
0%
Partout la musique vient6Gagner la chambre
0%
Fais-moi une place4Gare à la casse
0%
Ca fait pleurer le bon dieu2Heureux le marin qui nage
0%
Femmes, Indiscrétion, Blasphème8Hiver 81
0%
Fou, peut-être1Hôtel des caravelles
0%
Ca fait pleurer le bon dieu1Introduction
0%
Julien Clerc6Ivanovitch
0%
Jaloux10J'ai eu trente ans
0%
À mon âge et à l'heure qu'il est10J'aime ton corps
0%
Les Jours heureux9J'ai ta main
0%
Jaloux2Jaloux de tout
0%
Jaloux1Je dors avec elle
0%
Si j'étais elle9Je l'aime comme je respire
0%
Les Jours heureux12Je reviens te chercher
0%
Ca fait pleurer le bon dieu4Je sais que c'est elle
0%
À mon âge et à l'heure qu'il est3Je suis mal
0%
À nos amours1Je t'aime etc.
0%
Clerc Julien7Je t'aime tant
0%
Femmes, Indiscrétion, Blasphème5Je vous écris du fond de ma ville
0%
No 78Je voyage
0%
Julien Clerc9Jivaro song
0%
Si j'étais elle3J'oublie
0%
Duos12Jouez violons, sonnez crécelles
0%
Liberté, Égalité, Fraternité... ou la Mort7Jouez violons, sonnez crécelles
0%
Studio2Jour de brouillard
0%
Les Jours heureux6Joyeux Noël
0%
Sans entracte1Jungle Queen
0%
No 710Juste comme un enfant
0%
Utile11La belle est arrivée
0%
Niagara3La fée qui rend les filles belles
0%
Clerc Julien3La femme boréale
0%
Niagara6La Fille de la véranda
0%
Studio4Laisse faire la musique et danse
0%
Liberté, Égalité, Fraternité... ou la Mort10Laisse le monde
0%
Terrien8La Jeune Fille en feu
0%
Liberté, Égalité, Fraternité... ou la Mort8La Longue Épine
0%
À nos amours12La Mère évanouie
0%
Terrien11L'amour des gens
0%
Julien Clerc8L'Amour en chantier
0%
Fou, peut-être8L'amour prend tout
0%
Fou, peut-être3La nuit c'est tous les jours
0%
Julien Clerc3La Petite Sorcière malade
0%
À nos amours8La Plata
0%
Sans entracte5La Quête
0%
Fou, peut-être10La romance du petit cheval
0%
Terrien3La Rose et le Bourdon
0%
Où s'en vont les avions ?10La rue Blanche, le petit matin bleu
0%
Sans entracte9L'Assassin assassiné
0%
Julien Clerc7La Tarentelle
0%
Les Jours heureux11La valse à mille temps
0%
Des jours entiers à t'aimer11La Veuve de Joe Stan Murray
0%
Studio12Le Bal des adieux
0%
Liberté, Égalité, Fraternité... ou la Mort2Le Canon de la nation
0%
Partout la musique vient12Le Chemin des rivières
0%
Fais-moi une place9Le Chiendent
0%
Terre de France6Le Ciel tatoué
0%
Jaloux9Le Cœur nu
0%
À mon âge et à l'heure qu'il est2Le Cœur trop grand pour moi
0%
Sans entracte8Le Crooner de l'an 2000
0%
Julien Clerc4Le Delta
0%
Terre de France9Le Directeur du grand hôtel
0%
Où s'en vont les avions ?14Le juge et la blonde
0%
Niagara5L'éléphant est déjà vieux
0%
Terre de France12Le Maître du palais
0%
Liberté, Égalité, Fraternité... ou la Mort12Le Marteau
0%
Les Aventures à l'eau2L'Enfant au walkman
0%
Fou, peut-être7Le père dit à son fils
0%
Terre de France11Le Petit Animal
0%
Julien12Le phare des vagabondes
0%
Terre de France2Le Piano éléphant
0%
Julien10Le prochain train
0%
Partout la musique vient9Les Amoureux
0%
Jaloux3Les Amours sans larmes
0%
À nos amours4Les Bassins de chlore
0%
Terre de France4Les Boucles de Garonne
0%
No 75Les Cafards
0%
Fou, peut-être11Les dégâts
0%
Ca fait pleurer le bon dieu3Le Secret de l'amour
0%
Niagara12Les Enfants et les Fifres
0%
À mon âge et à l'heure qu'il est6Les Jours de joie
0%
Fou, peut-être5Les jours entre les jours de pluie
0%
Des jours entiers à t'aimer9Les Menhirs
0%
Sans entracte2Les mots qui dansent
0%
Clerc Julien4Les Oiseaux dans les arbres
0%
Les Aventures à l'eau8Les robots qui dansent
0%
Julien8Les séparés (N'écris pas)
0%
Fou, peut-être4Les souvenirs
0%
Niagara4Les Tout Petits Détails
0%
Studio10Les vagues
0%
Julien Clerc2Les Vendredis
0%
Fou, peut-être2Le temps d'aimer
0%
Fais-moi une place1Le Verrou
0%
Fais-moi une place12Le Verrou (Reprise)
0%
Terrien7L'homme a nagé
0%
Si j'étais elle10L'horizon chimérique
0%
Les Jours heureux5L'important c'est la rose
0%
Liberté, Égalité, Fraternité... ou la Mort9London Derry
0%
Partout la musique vient4Long Distance Call
0%
Terre de France5Lune, Lune
0%
À nos amours9Ma colère
0%
Jaloux7Macumba
0%
Terrien2Mademoiselle
0%
Clerc Julien6Ma Doudou
0%
Sans entracte7Mangos
0%
Terrien6Ma petite Terre
0%
Double Enfance6Marie-Louise
0%
Double Enfance11Ma sirène
0%
Studio8Mené par le bout du nez
0%
Femmes, Indiscrétion, Blasphème3Moi j'te connais comme si je t'avais défaite
0%
Les Aventures à l'eau1Mon ange
0%
Partout la musique vient2Mon cœur hélas
0%
Les Jours heureux3Mon manège à moi
0%
Utile1New Viginia
0%
Fais-moi une place11Nouveau big bang
0%
Studio9Obsession
0%
À nos amours13On attendait Noël
0%
Partout la musique vient1On ne se méfie jamais assez
0%
Julien6On peut rêver
0%
Si j'étais elle6On serait seuls au monde
0%
Partout la musique vient3On va, on vient, on rêve
0%
Fou, peut-être9Où est-elle ?
0%
Fais-moi une place10Petit Joseph
0%
Fais-moi une place8Petit pois lardons
0%
Jaloux4Pièce bleue
0%
Double Enfance8Place Clichy
0%
Les Aventures à l'eau10Pour qui tu t'prends ?
0%
Studio13Pour te plaire
0%
No 72Prends ton cœur par la main
0%
Julien11Quand femme rêve
0%
Des jours entiers à t'aimer7Quatre heures du matin
0%
Les Jours heureux8Que c'est triste Venise
0%
Double Enfance5Quel jeu elle joue
0%
Femmes, Indiscrétion, Blasphème9Quelle heure reste-il Marquise ?
0%
Si j'étais elle7Quelques mots en ton nom
0%
Studio3Qu'est-ce-que tu crois ?
0%
Ca fait pleurer le bon dieu6Radeau de pierre
0%
Double Enfance4Réfugiés
0%
Aime-moi6Respire
0%
Double Enfance7Rester
0%
Où s'en vont les avions ?2Restons amants
0%
Double Enfance2Rio Negro
0%
Niagara9Rolo le Baroudeur
0%
À mon âge et à l'heure qu'il est9Romina
0%
Terre de France8Sans toi
0%
Si j'étais elle4Se contenter d'ici-bas
0%
Liberté, Égalité, Fraternité... ou la Mort3Sertao
0%
Les Aventures à l'eau3Sexy
0%
Partout la musique vient13Si jamais
0%
Si j'étais elle8Silence caresse
0%
Liberté, Égalité, Fraternité... ou la Mort1Si on chantait
0%
Des jours entiers à t'aimer3Si tu reviens
0%
À nos amours2Sous mon arbre
0%
Où s'en vont les avions ?4Sous sa grande ombrelle
0%
Où s'en vont les avions ?8Souvenez-vous
0%
Julien5Star de l'entracte
0%
Les Aventures à l'eau9Style Ming
0%
Fou, peut-être12Sur la plage une enfant
0%
Julien Clerc5Sur tes pas
0%
Aime-moi9Tant d'amour
0%
No 76This Melody
0%
Aime-moi10To be or not to be bop
0%
Où s'en vont les avions ?13Toboggan
0%
Utile10Toi tu me plais
0%
Partout la musique vient7Tout
0%
Clerc Julien9Tout en vous m'enchaîne
0%
Studio14Tout le jour, toute la nuit
0%
Clerc Julien5Tu me manques
0%
Si j'étais elle5Tu t'en es allée
0%
Studio5Tu viens dans ma tête
0%
Studio1Une fille d'enfer
0%
No 73Une journée pour rien
0%
Où s'en vont les avions ?6Une petite fée
0%
Double Enfance1Une vie de rien
0%
Si j'étais elle12Va-t'en de moi
0%
Partout la musique vient10Va-t-en si tu veux
0%
Les Jours heureux7Vingt ans
0%
Partout la musique vient5Violette et Pierrot
0%
Studio11Volons vers la lune
0%
Ca fait pleurer le bon dieu11Vous
0%
Sans entracte3Week-end
0%
Julien Clerc1Yann et les Dauphins
0%
Aime-moi5Y'a plus de rock au Tennessee
0%
Des jours entiers à t'aimer6Zucayan
0%

Distribution des résultats

Percentile par nombre de réponses

% des personnes avec chaque résultat

Votre développement - résultats

Vous n’avez pas pris ce quiz